000 00765nab a2200241 u 4500
001 21354
003 HDC
007 cr bn ---aaaaa
008 210308c |r|noo 0 a d
040 _aHDC
245 0 _aRISDA ANJUR PERSIDANGAN LOGO HALAL
260 _a[No place] :
_b[publisher not identified],
_c2016
336 _atext
_2rdacontent
337 _acomputer
_2rdamedia
338 _aonline resource
_2rdacarrier
650 _aHalal certificate
_9482
650 _aHalal industry
_9144
710 _a365 NEWS
856 _zRequest full-text at [email protected]
942 _2lcc
942 _cNEWS
942 _kNWSO 010181
999 _c18670
_d18670